| 000 | 01137nam a2200301 i 4500 | ||
|---|---|---|---|
| 003 | OSt | ||
| 005 | 20260125124831.0 | ||
| 008 | 260108s2022 my ao gr f000 0 may d | ||
| 020 |
_a9789670372396 _qpaperback _cRM104.00 |
||
| 040 |
_aPPAK _beng _cPPAK _erda |
||
| 082 | 0 | 4 |
_a069.53 _223 |
| 090 | 0 | 0 |
_a069.53 _bZAM _dR |
| 100 | 1 |
_aZamrul Amri Zakaria, _eauthor. |
|
| 245 | 1 | 0 |
_aAplikasi Preventif dalam Penjagaan Koleksi Artifak / _cZamrul Amri bin Zakaria ; Editor Bahasa: Abd. Karim bin A. Bakar |
| 264 | 1 |
_aKuala Lumpur, Malaysia : _bJabatan Muzium Malaysia _c[2022?] |
|
| 300 |
_axiv, 151 pages : _bcolour illustrations, colour photographs ; _c25 cm |
||
| 336 |
_atext _2rdacontent |
||
| 336 |
_astill image _2rdacontent |
||
| 337 |
_aunmediated _2rdamedia |
||
| 338 |
_avolume _2rdacarrier |
||
| 504 | _aBibliography : pages 148-150 | ||
| 650 | 1 | 0 | _aMuseum conservation methods |
| 650 | 2 | 0 |
_aAntiquities _xCollection and preservation |
| 650 | 2 | 0 | _aArchaeological museums and collections |
| 650 | 2 | 0 |
_aGovernment publications _zMalaysia |
| 700 | 0 |
_aAbd. Karim A. Bakar, _eeditor. |
|
| 942 |
_2ddc _cB |
||
| 999 |
_c202666 _d202666 |
||